000 00322nam a22001337a 4500
008 190205b xxu||||| |||| 00| 0 eng d
020 _a0801520533
041 _aeng
080 _a038
100 _a23
101 _aFJA
245 _aThe Dictionary of Foreign Terms in the English Language
_cCarroll,D
942 _2udc
_cBK
999 _c54057
_d54057